Profile of youth organisations on North East India (Record no. 8937)

MARC details
000 -LEADER
fixed length control field 00522cam a2200205ua 4500
001 - CONTROL NUMBER
control field 9938
005 - DATE AND TIME OF LATEST TRANSACTION
control field 20260515114539.0
008 - FIXED-LENGTH DATA ELEMENTS--GENERAL INFORMATION
fixed length control field 161108n ii |||gr||||Z||||||eng
040 ## - CATALOGING SOURCE
Transcribing agency MAIN
041 ## - LANGUAGE CODE
Language code of text/sound track or separate title eng
082 ## - DEWEY DECIMAL CLASSIFICATION NUMBER
Classification number 305.23
100 ## - MAIN ENTRY--PERSONAL NAME
Personal name Hazarika, Niru,
Relator term Author.
245 0# - TITLE STATEMENT
Title Profile of youth organisations on North East India
Statement of responsibility, etc. By Niru Hazarika
250 ## - EDITION STATEMENT
Edition statement 1st ed. /
Remainder of edition statement V.1.
260 ## - PUBLICATION, DISTRIBUTION, ETC.
Place of publication, distribution, etc. Guwahati:
Name of publisher, distributor, etc. VVRIMSR,
Date of publication, distribution, etc. 1998.
300 ## - PHYSICAL DESCRIPTION
Extent 316p.
653 ## - INDEX TERM--UNCONTROLLED
Uncontrolled term Social groups
653 ## - INDEX TERM--UNCONTROLLED
Uncontrolled term Youth organisation
942 ## - ADDED ENTRY ELEMENTS (KOHA)
Koha item type Books
Holdings
Withdrawn status Lost status Damaged status Not for loan Home library Current library Shelving location Date acquired Total checkouts Full call number Barcode Date last seen Copy number Price effective from Koha item type
        Naharkatiya College Library Naharkatiya College Library General stacks 09/19/2020   305.23Social group | HAZ 573 09/19/2020 1 09/19/2020 Books